Statistics for Countries where the largest city is not the capital

Click here to take the quiz!

General Stats

  • This quiz has been taken 2,788 times
    (2,759 since last reset)
  • The average score is 20 of 33

Answer Stats

CountryCapitalLargest City% Correct
United States of AmericaWashington D.C.New York
98%
CanadaOttawaToronto
96%
AustraliaCanberraSydney
95%
BrazilBrasiliaSao Paulo
95%
ChinaBeijingShanghai
92%
South AfricaPretoria/Cape Town/BloemfontaineJohannesburg
88%
New ZealandWellingtonAuckland
85%
TurkeyAnkaraIstanbul
83%
NigeriaAbujaLagos
82%
PakistanIslamabadKarachi
78%
VietnamHanoiHo Chi Minh City
75%
MoroccoRabatCasablanca
73%
United Arab EmiratesAbu DhabiDubai
73%
SwitzerlandBernZurich
70%
IsraelJerusalemTel Aviv
69%
KazakhstanNur-SultanAlmaty
64%
TanzaniaDodomaDar Es Salaam
62%
MyanmarNaypyidawYangon
60%
BoliviaLa Paz/SucreSanta Cruz de la Sierra
58%
EcuadorQuitoGuayaquil
51%
Sri LankaSri Jayawardenepura KotteColombo
50%
Ivory CoastYamoussoukroAbidjan
45%
BelizeBelmopanBelize City
43%
CameroonYaoundeDouala
41%
BeninPorto-NovoCotonou
40%
BurundiGitegaBujumbura
35%
LiechtensteinVaduzSchaan
32%
PalauNgerulmudKoror
31%
PhilippinesManilaQuezon City
25%
San MarinoSan MarinoSerravalle
25%
F. S. MicronesiaPalikirWeno
24%
Equatorial GuineaMalaboBata
20%
GambiaBanjulSerrekunda
20%

Score Distribution

Percentile by Number Answered

Percent of People with Each Score

Your Score History

You have not taken this quiz since the last reset